000 01024nam0a22002291i 4500
001 rc\396575
005 20240723224830.0
035 _a(NLR Aleph) 005645792
090 _a6717579
_c6717578
100 _a20030616d1989 u |0rusy50 ca
101 0 _arus
102 _aRU
105 _ay |||||||||
200 1 _aСравнительная оценка результатов лечения постинъекционных абсцессов и флегмон традиционными методами и с использованием углекислотного лазера
_e(Эксперим.-клинич. исслед.)
_eАвтореф. дис. на соиск. учен. степ. канд. мед. наук
_e(14.00.27)
_fНИИ лазер. хирургии
210 _aМ.
_d1989
215 _a27 с.
320 _aБиблиогр.: с. 26-27 (8 назв.)
700 1 _aСапарбеков
_bБ.
_gБулат
801 0 _aRU
_bNLR
_gpsbo
801 1 _aRU
_bELAR
_2rusmarc
852 _aNLR
_jА89/15146
942 _cBOOK